[Event "Scarborough CC Winter Swiss"]
[Site "Toronto CAN"]
[Date "2025.04.03"]
[Round "6.1"]
[White "Kola, Venkat Karthikeya R"]
[Black "Southam, David"]
[Result "0-1"]
[WhiteElo "2073"]
[BlackElo "2045"]
[WhiteFideId "-1"]
[WhiteFideId "-1"]
[PlyCount "82"]
[GameId "2228846062527521"]
[EventDate "2025.02.13"]
[EventType "swiss"]
[EventRounds "7"]
[EventCountry "CAN"]

1. Nf3 e6 2. g3 b6 3. Bg2 Bb7 4. O-O f5 5. d4 Nf6 6. c4 Be7 7. Nc3 Ne4 8. Nxe4 Bxe4 9. d5 O-O 10. dxe6 dxe6 11. Qxd8 Rxd8 12. Bf4 Na6 13. Rad1 Bf6 14. Be5 Bxf3 15. Bxf6 Rxd1 16. Bxf3 Rxf1+ 17. Kxf1 Rc8 18. Be5 Nc5 19. Bc6 a5 20. Ke1 Kf7 21. h4 g6 22. f3 Ke7 23. b3 Nd7 24. f4 Nxe5 25. fxe5 g5 26. Kf2 gxh4 27. gxh4 Rd8 28. Ke1 Rg8 29. Kf2 Rg4 30. h5 Rd4 31. Ke1 Kf7 32. e3 Rd8 33. Ke2 Kg7 34. a3 Kh6 35. Bf3 Kg5 36. b4 axb4 37. axb4 h6 38. b5 Kh4 39. Ke1 Kg3 40. Ke2 Rd2+ 41. Kxd2 Kxf3 0-1

[Event "Scarborough CC Winter Swiss"]
[Site "Toronto CAN"]
[Date "2025.04.03"]
[Round "6.2"]
[White "Chen, Larry Zhou"]
[Black "Hong, Zihan"]
[Result "1/2-1/2"]
[WhiteElo "1961"]
[BlackElo "1953"]
[WhiteFideId "-1"]
[WhiteFideId "-1"]
[PlyCount "60"]
[GameId "2228870253978668"]
[EventDate "2025.02.13"]
[EventType "swiss"]
[EventRounds "7"]
[EventCountry "CAN"]

1. d4 d5 2. c4 dxc4 3. Nf3 a6 4. a4 Nf6 5. e3 e6 6. Bxc4 c5 7. Be2 Nc6 8. Ne5 Nxe5 9. dxe5 Qxd1+ 10. Bxd1 Nd5 11. a5 Bd7 12. Na3 Be7 13. Be2 O-O 14. O-O Bc6 15. Bf3 Rfc8 16. Rd1 b5 17. axb6 Nxb6 18. Bxc6 Rxc6 19. Bd2 c4 20. Nc2 Nd5 21. e4 Nb6 22. Bb4 Bf8 23. Ra5 c3 24. bxc3 Nc4 25. Ra2 Nxe5 26. f4 Ng6 27. g3 Bxb4 28. cxb4 Rac8 29. Ne3 Kf8 30. Rd7 Rb6 1/2-1/2

[Event "Scarborough CC Winter Swiss"]
[Site "Toronto CAN"]
[Date "2025.04.03"]
[Round "6.3"]
[White "Pan, Julian"]
[Black "Deepak, Laksshana"]
[Result "0-1"]
[WhiteElo "1847"]
[BlackElo "2145"]
[WhiteFideId "-1"]
[WhiteFideId "-1"]
[PlyCount "78"]
[GameId "2228871561790516"]
[EventDate "2025.02.13"]
[EventType "swiss"]
[EventRounds "7"]
[EventCountry "CAN"]

1. e4 c6 2. d4 d5 3. exd5 cxd5 4. c4 Nf6 5. Nc3 e6 6. Nf3 Bb4 7. Bd2 Nc6 8. a3 Bxc3 9. bxc3 O-O 10. Qc2 Re8 11. O-O-O Bd7 12. cxd5 exd5 13. Bd3 Na5 14. Ne5 Bc6 15. g4 Qb6 16. Qb2 Ba4 17. Bc2 Nb3+ 18. Bxb3 Bxb3 19. Rde1 Ne4 20. f3 Nxd2 21. Kxd2 a5 22. a4 Qh6+ 23. Re3 Bxa4 24. Qxb7 Qf4 25. Qxd5 Rab8 26. Qa2 Bb3 27. Qxa5 f6 28. Rb1 fxe5 29. Rxb3 Rxb3 30. Qd5+ Qf7 31. Rxe5 Rxe5 32. Qxe5 h6 33. f4 Rb2+ 34. Kc1 Rxh2 35. d5 Qb7 36. c4 Rh1+ 37. Kd2 Qb4+ 38. Kd3 Rd1+ 39. Kc2 Qd2+ 0-1

[Event "Scarborough CC Winter Swiss"]
[Site "Toronto CAN"]
[Date "2025.04.03"]
[Round "6.4"]
[White "Gummadi, Bhargav Ram"]
[Black "Mutyalapati, Modith Aaroh"]
[Result "1-0"]
[WhiteElo "1752"]
[BlackElo "2174"]
[WhiteFideId "-1"]
[WhiteFideId "-1"]
[PlyCount "83"]
[GameId "2228900183157900"]
[EventDate "2025.02.13"]
[EventType "swiss"]
[EventRounds "7"]
[EventCountry "CAN"]

1. e4 e6 2. d4 d5 3. Nc3 Nf6 4. exd5 exd5 5. Nf3 c5 6. Be2 Nc6 7. O-O Be6 8. Re1 Be7 9. Bf4 O-O 10. a3 Rc8 11. Bg5 h6 12. Bxf6 Bxf6 13. dxc5 Bxc3 14. bxc3 Qa5 15. Nd4 Qxc5 16. Bd3 Nxd4 17. cxd4 Qd6 18. Re3 f5 19. Qh5 Rf6 20. Rae1 Bf7 21. Qf3 Rc7 22. Re5 g6 23. Qh3 Kg7 24. f4 h5 25. Qg3 Rc3 26. h3 Re6 27. Qg5 Rxe5 28. fxe5 Qb6 29. Qf4 Qe6 30. Qg5 Qb6 31. Qf4 Rc6 32. Re3 Qd8 33. h4 Qe7 34. Rg3 Kh7 35. Rg5 a6 36. g4 hxg4 37. h5 Kg7 38. Bxf5 Qxa3 39. hxg6 Qa1+ 40. Kg2 Be6 41. Rh5 Qc1 42. Qxc1 1-0

[Event "Scarborough CC Winter Swiss"]
[Site "Toronto CAN"]
[Date "2025.04.03"]
[Round "6.5"]
[White "Varakunan, Cadiron"]
[Black "Ajith, Aarush"]
[Result "0-1"]
[WhiteElo "1758"]
[BlackElo "2034"]
[WhiteFideId "-1"]
[WhiteFideId "-1"]
[PlyCount "72"]
[GameId "2228945748868507"]
[EventDate "2025.02.13"]
[EventType "swiss"]
[EventRounds "7"]
[EventCountry "CAN"]

1. e4 c5 2. Nf3 d6 3. d4 cxd4 4. Nxd4 Nf6 5. Nc3 a6 6. Be3 e5 7. Nb3 Be6 8. Be2 h5 9. O-O Be7 10. f4 exf4 11. Bxf4 Nc6 12. Qd3 Qb6+ 13. Kh1 Rd8 14. Rad1 Nb4 15. Qd2 d5 16. e5 Ne4 17. Nxe4 dxe4 18. Qc3 Nd5 19. Qg3 h4 20. Qxg7 Kd7 21. c4 Rdg8 22. Qxh8 Rxh8 23. cxd5 Bf5 24. Bd2 Qg6 25. Nd4 Rg8 26. Rf2 Bc5 27. e6+ fxe6 28. dxe6+ Ke8 29. Bc3 e3 30. Nxf5 exf2 31. Nxh4 Qg5 32. b4 Bb6 33. Bf3 Qxh4 34. Bxb7 Bc7 35. Bc6+ Ke7 36. g3 Bxg3 0-1

[Event "Scarborough CC Winter Swiss"]
[Site "Toronto CAN"]
[Date "2025.04.03"]
[Round "6.6"]
[White "Sekaran, Adithya"]
[Black "Jeyakumar, Yathushan"]
[Result "1-0"]
[WhiteElo "1758"]
[BlackElo "1762"]
[WhiteFideId "-1"]
[WhiteFideId "-1"]
[PlyCount "133"]
[GameId "2228993498685176"]
[EventDate "2025.02.13"]
[EventType "swiss"]
[EventRounds "7"]
[EventCountry "CAN"]

1. d4 Nf6 2. c4 e5 3. dxe5 Ng4 4. e6 Bb4+ 5. Bd2 Bxd2+ 6. Nxd2 fxe6 7. e4 Ne5 8. Qh5+ Nf7 9. Ngf3 O-O 10. Bd3 g6 11. Qg4 Nc6 12. Qg3 e5 13. h4 Qf6 14. h5 Nb4 15. Bb1 g5 16. a3 Nc6 17. h6 Qf4 18. Qxf4 gxf4 19. Ba2 Ne7 20. c5 d6 21. cxd6 cxd6 22. Rc1 Bg4 23. Nc4 Kh8 24. Na5 Rac8 25. Rxc8 Rxc8 26. Kd2 b6 27. Bxf7 bxa5 28. Ng5 Bd7 29. g3 Rc5 30. Ba2 d5 31. Nf7+ Kg8 32. Nxe5 Be6 33. gxf4 Kf8 34. f5 Bc8 35. f6 Nc6 36. Nd3 Rb5 37. Bxd5 Nd4 38. Ke3 Rxd5 39. exd5 Nf5+ 40. Kd2 Kf7 41. Ne5+ Kxf6 42. f4 Nd6 43. Kd3 Bf5+ 44. Kd4 Ne4 45. Rc1 Nd2 46. Rc6+ Ke7 47. Rc7+ Kd6 48. Rxa7 Nb3+ 49. Kc3 a4 50. Rxa4 Nc5 51. Ra5 Ne4+ 52. Kd4 Nd2 53. Ra6+ Kc7 54. d6+ Kb7 55. Ra4 Nb3+ 56. Kd5 Nd2 57. d7 Bxd7 58. Nxd7 Kc7 59. Ra7+ Kd8 60. Ke6 Ne4 61. b4 Nc3 62. a4 Ne4 63. Ne5 Kc8 64. Rxh7 Kb8 65. Rg7 Ka8 66. h7 Kb8 67. h8=Q# 1-0

[Event "Scarborough CC Winter Swiss"]
[Site "Toronto CAN"]
[Date "2025.04.03"]
[Round "6.7"]
[White "Ma, Quentin"]
[Black "Gao, Yiguo"]
[Result "0-1"]
[WhiteElo "1855"]
[BlackElo "1620"]
[WhiteFideId "-1"]
[WhiteFideId "-1"]
[PlyCount "82"]
[GameId "2229009281607242"]
[EventDate "2025.02.13"]
[EventType "swiss"]
[EventRounds "7"]
[EventCountry "CAN"]

1. e4 c5 2. Nf3 Nc6 3. d4 cxd4 4. Nxd4 g6 5. Nc3 Bg7 6. Be3 d6 7. Bc4 Nf6 8. O-O O-O 9. f3 a6 10. Nxc6 bxc6 11. Qd2 Qa5 12. Nd5 Qd8 13. Bb6 Qd7 14. Nc7 Rb8 15. Qa5 Ne8 16. c3 Rxb6 17. Nxe8 Qa7 18. Kh1 Rxe8 19. b3 Be6 20. Bd3 d5 21. Rae1 Rc8 22. e5 c5 23. f4 c4 24. bxc4 dxc4 25. Be4 Rb5 26. Qa3 Qc5 27. Qc1 Bd5 28. Bc2 Ra5 29. a4 Bc6 30. Qd1 Qd5 31. Qg4 Qd7 32. f5 Rxe5 33. Rd1 Rd5 34. Be4 Rxd1 35. Rxd1 Qb7 36. Rb1 Qc7 37. Bc2 Bd7 38. Qf3 Rb8 39. Rf1 Bc6 40. Qg4 Rb2 41. Bb1 Bxg2+ 0-1

[Event "Scarborough CC Winter Swiss"]
[Site "Toronto CAN"]
[Date "2025.04.03"]
[Round "6.8"]
[White "Lin, Ryder"]
[Black "Chen, Timmy"]
[Result "0-1"]
[WhiteElo "1744"]
[BlackElo "1755"]
[WhiteFideId "-1"]
[WhiteFideId "-1"]
[PlyCount "74"]
[GameId "2229210713556562"]
[EventDate "2025.02.13"]
[EventType "swiss"]
[EventRounds "7"]
[EventCountry "CAN"]

1. e4 c5 2. c3 Nf6 3. e5 Nd5 4. Nf3 d6 5. Bb5+ Bd7 6. Bxd7+ Qxd7 7. O-O Nc6 8. Re1 Nf4 9. d4 dxe5 10. Nxe5 Nxe5 11. Bxf4 Ng6 12. Be3 c4 13. Qe2 b5 14. b3 Rc8 15. bxc4 bxc4 16. Nd2 Qd5 17. Qg4 e6 18. h4 h5 19. Qg5 Be7 20. Qxd5 exd5 21. Bg5 f6 22. Be3 Nxh4 23. Rab1 g5 24. Rb7 Nf5 25. Rxa7 Kf7 26. f3 Ra8 27. Rc7 Kg6 28. g4 hxg4 29. fxg4 Nxe3 30. Rxe3 Bd6 31. Rc6 Bh2+ 32. Kf1 Bf4 33. Ree6 Rh1+ 34. Kf2 Rxa2 35. Rxf6+ Kh7 36. Rf7+ Kg8 37. Rb7 Rxd2+ 0-1

[Event "Scarborough CC Winter Swiss"]
[Site "Toronto CAN"]
[Date "2025.04.03"]
[Round "6.9"]
[White "Anish, Diganth"]
[Black "Chamberland, Luc"]
[Result "1/2-1/2"]
[WhiteElo "1688"]
[BlackElo "1736"]
[WhiteFideId "-1"]
[WhiteFideId "-1"]
[PlyCount "113"]
[GameId "2229236577662554"]
[EventDate "2025.02.13"]
[EventType "swiss"]
[EventRounds "7"]
[EventCountry "CAN"]

1. e4 e6 2. d4 d5 3. e5 c5 4. c3 Nc6 5. Nf3 Bd7 6. Be3 Qb6 7. Qd2 cxd4 8. cxd4 Rc8 9. Nc3 Na5 10. Bd3 Nc4 11. Bxc4 Rxc4 12. O-O Ne7 13. b3 Rc7 14. Nh4 Ng6 15. Nxg6 hxg6 16. Rac1 Bb4 17. Qb2 Qa5 18. Nb1 O-O 19. a3 Be7 20. Rxc7 Qxc7 21. Rc1 Qb6 22. Nd2 Rc8 23. b4 Rxc1+ 24. Qxc1 Qc6 25. Qb2 Qb5 26. Qc2 Qc6 27. Qb2 Qa4 28. h3 Qd1+ 29. Kh2 Ba4 30. Nb1 Qc2 31. Bc1 Qxb2 32. Bxb2 Bc2 33. Nc3 Bd3 34. Kg3 Kf8 35. f3 Ke8 36. Kf4 Bf1 37. Kg3 Kd7 38. Kf2 Bc4 39. f4 g5 40. Kf3 gxf4 41. Kxf4 Bf1 42. Kf3 Bg5 43. Ne2 Bxe2+ 44. Kxe2 Kc6 45. a4 Be7 46. Bc3 a6 47. Kf3 Bg5 48. g3 Kd7 49. h4 Bc1 50. g4 b5 51. a5 Ke7 52. g5 f6 53. g6 f5 54. h5 Kf8 55. Be1 Bb2 56. Ke3 Bc1+ 57. Kf3 1/2-1/2

[Event "Scarborough CC Winter Swiss"]
[Site "Toronto CAN"]
[Date "2025.04.03"]
[Round "6.10"]
[White "Balakrishnan, Shankar"]
[Black "Kola, Venkata Saket Reddy"]
[Result "1/2-1/2"]
[WhiteElo "1748"]
[BlackElo "1701"]
[WhiteFideId "-1"]
[WhiteFideId "-1"]
[PlyCount "112"]
[GameId "2229238181987938"]
[EventDate "2025.02.13"]
[EventType "swiss"]
[EventRounds "7"]
[EventCountry "CAN"]

1. e4 c6 2. d4 d5 3. Nd2 dxe4 4. Nxe4 Nf6 5. Nxf6+ exf6 6. c3 Bd6 7. Nf3 O-O 8. Bd3 Re8+ 9. Be3 Bf4 10. Qd2 Qe7 11. Ke2 Nd7 12. Rae1 Nb6 13. Kd1 Bxe3 14. Rxe3 Qf8 15. Rxe8 Qxe8 16. Re1 Be6 17. Kc1 Qd7 18. Qc2 h6 19. b3 a5 20. Nd2 a4 21. Nc4 Nxc4 22. Bxc4 Bxc4 23. bxc4 Qd6 24. Qb2 Qf4+ 25. Kd1 Qf5 26. Qc2 Qh5+ 27. f3 Qxh2 28. Qb2 Qc7 29. Qb4 c5 30. Qb5 cxd4 31. Re8+ Rxe8 32. Qxe8+ Kh7 33. Qe4+ g6 34. Qxd4 Kg7 35. Kc2 Qg3 36. Qd2 Qh4 37. Qe2 Qg5 38. Qf2 Qf4 39. Qe2 Qd6 40. Kb2 Qc5 41. Qd3 Qf2+ 42. Qc2 Qxc2+ 43. Kxc2 f5 44. Kb2 Kf6 45. Ka3 Ke6 46. Kxa4 Kd6 47. Kb5 Kc7 48. Kc5 g5 49. Kd5 g4 50. fxg4 fxg4 51. Ke5 Kc6 52. Kf5 Kc5 53. Kxg4 Kxc4 54. Kh5 Kxc3 55. Kxh6 Kb2 56. a4 Kb3 1/2-1/2

[Event "Scarborough CC Winter Swiss"]
[Site "Toronto CAN"]
[Date "2025.04.10"]
[Round "7.1"]
[White "Southam, David"]
[Black "Chen, Larry Zhou"]
[Result "1/2-1/2"]
[WhiteElo "2045"]
[BlackElo "1961"]
[WhiteFideId "-1"]
[WhiteFideId "-1"]
[PlyCount "25"]
[GameId "2229251261074425"]
[EventDate "2025.02.13"]
[EventType "swiss"]
[EventRounds "7"]
[EventCountry "CAN"]

1. d4 Nf6 2. c4 e6 3. Nc3 Bb4 4. e3 b6 5. Nge2 O-O 6. a3 Be7 7. Nf4 d6 8. Bd3 Nbd7 9. O-O Bb7 10. d5 e5 11. Nfe2 a5 12. Ng3 Ne8 13. f4 1/2-1/2

[Event "Scarborough CC Winter Swiss"]
[Site "Toronto CAN"]
[Date "2025.04.10"]
[Round "7.2"]
[White "Deepak, Laksshana"]
[Black "Gummadi, Bhargav Ram"]
[Result "0-1"]
[WhiteElo "1953"]
[BlackElo "1752"]
[WhiteFideId "-1"]
[WhiteFideId "-1"]
[PlyCount "64"]
[GameId "2229320221182978"]
[EventDate "2025.02.13"]
[EventType "swiss"]
[EventRounds "7"]
[EventCountry "CAN"]

1. Nf3 d5 2. b3 Nf6 3. Bb2 e6 4. e3 Be7 5. Be2 O-O 6. O-O Nbd7 7. d4 Re8 8. Nbd2 Nf8 9. c4 Ng6 10. Qc2 c6 11. Rac1 Bd6 12. Ne5 Nd7 13. f4 Ndxe5 14. fxe5 Be7 15. Nf3 Rf8 16. Bd3 Bd7 17. Qf2 Be8 18. Qg3 f5 19. exf6 Bxf6 20. e4 dxe4 21. Bxe4 Rc8 22. Rcd1 Bh4 23. Nxh4 Rxf1+ 24. Rxf1 Qxh4 25. Qf3 Qe7 26. d5 cxd5 27. cxd5 e5 28. d6 Qxd6 29. Bd5+ Kh8 30. Bxe5 Qc5+ 31. Kh1 Bb5 32. Qc3 Qxc3 0-1

[Event "Scarborough CC Winter Swiss"]
[Site "Toronto CAN"]
[Date "2025.04.10"]
[Round "7.3"]
[White "Hong, Zihan"]
[Black "Kola, Venkat Karthikeya R"]
[Result "1/2-1/2"]
[WhiteElo "1953"]
[BlackElo "2073"]
[WhiteFideId "-1"]
[WhiteFideId "-1"]
[PlyCount "60"]
[GameId "2231768377998613"]
[EventDate "2025.02.13"]
[EventType "swiss"]
[EventRounds "7"]
[EventCountry "CAN"]

1. d4 Nf6 2. Bf4 d5 3. e3 c5 4. dxc5 Nc6 5. Bb5 e6 6. b4 Bd7 7. c3 a5 8. Qb3 Nh5 9. Ne2 Nxf4 10. Nxf4 Be7 11. a4 Bg5 12. Ne2 Qf6 13. Ra2 O-O 14. O-O h5 15. Nd2 h4 16. h3 e5 17. e4 Bxd2 18. Rxd2 Bxh3 19. gxh3 Qg5+ 20. Kh2 Qxd2 21. exd5 Ne7 22. Rd1 Qh6 23. d6 Nf5 24. Qd5 Rab8 25. Qxe5 g6 26. Nf4 Ng7 27. Nd5 f5 28. Nf6+ Kh8 29. d7 Rbd8 30. Ne8 Kh7 1/2-1/2

[Event "Scarborough CC Winter Swiss"]
[Site "Toronto CAN"]
[Date "2025.04.10"]
[Round "7.4"]
[White "Chen, Timmy"]
[Black "Pan, Julian"]
[Result "0-1"]
[WhiteElo "1755"]
[BlackElo "1847"]
[WhiteFideId "-1"]
[WhiteFideId "-1"]
[PlyCount "56"]
[GameId "2229368114864861"]
[EventDate "2025.02.13"]
[EventType "swiss"]
[EventRounds "7"]
[EventCountry "CAN"]

1. e4 e5 2. Nf3 Nc6 3. Bb5 a6 4. Ba4 Nf6 5. d3 b5 6. Bb3 d6 7. O-O Be7 8. a4 Bg4 9. c3 b4 10. Bd5 Nxd5 11. exd5 Nb8 12. cxb4 f5 13. Nbd2 O-O 14. h3 Bh5 15. Re1 c6 16. dxc6 Nxc6 17. Nf1 Nd4 18. N1h2 Rc8 19. g4 fxg4 20. Nxd4 g3 21. Qxh5 gxf2+ 22. Kf1 fxe1=Q+ 23. Kxe1 exd4 24. Qd5+ Kh8 25. Qxd4 Bh4+ 26. Kd1 Qc7 27. Qc3 Qb7 28. Qd4 Qh1+ 0-1

[Event "Scarborough CC Winter Swiss"]
[Site "Toronto CAN"]
[Date "2025.04.10"]
[Round "7.5"]
[White "Mutyalapati, Modith Aaroh"]
[Black "Blakely, Matt"]
[Result "1-0"]
[WhiteElo "2174"]
[BlackElo "2079"]
[WhiteFideId "-1"]
[WhiteFideId "-1"]
[PlyCount "41"]
[GameId "2229566654419685"]
[EventDate "2025.02.13"]
[EventType "swiss"]
[EventRounds "7"]
[EventCountry "CAN"]

1. e4 c5 2. Nf3 d6 3. d4 cxd4 4. Nxd4 Nf6 5. Nc3 a6 6. Bc4 Qc7 7. Bb3 e6 8. O-O Be7 9. Be3 O-O 10. f4 b5 11. f5 e5 12. Nde2 Bb7 13. Nd5 Nxd5 14. exd5 Nd7 15. Ng3 Rfc8 16. Ne4 Bf8 17. f6 Nxf6 18. Rxf6 gxf6 19. Nxf6+ Kg7 20. Qg4+ Kxf6 21. Qg5# 1-0

[Event "Scarborough CC Winter Swiss"]
[Site "Toronto CAN"]
[Date "2025.04.10"]
[Round "7.6"]
[White "Satish Alwar, Dharsan"]
[Black "Jeyakumar, Yathushan"]
[Result "1/2-1/2"]
[WhiteElo "1743"]
[BlackElo "1762"]
[WhiteFideId "-1"]
[WhiteFideId "-1"]
[PlyCount "42"]
[GameId "2229568392344301"]
[EventDate "2025.02.13"]
[EventType "swiss"]
[EventRounds "7"]
[EventCountry "CAN"]

1. d4 Nf6 2. Nf3 g6 3. c4 Bg7 4. e3 d5 5. Nc3 e6 6. Bd3 Nbd7 7. b3 O-O 8. O-O b6 9. Bb2 Bb7 10. Re1 c5 11. Rc1 a6 12. h3 Rc8 13. Qe2 dxc4 14. bxc4 Re8 15. Rcd1 Qc7 16. Ne5 Nxe5 17. dxe5 Nd7 18. f4 f6 19. exf6 Nxf6 20. Qc2 Qf7 21. Ne4 Bxe4 1/2-1/2

[Event "Scarborough CC Winter Swiss"]
[Site "Toronto CAN"]
[Date "2025.04.10"]
[Round "7.7"]
[White "Kola, Venkata Saket Reddy"]
[Black "Ma, Quentin"]
[Result "0-1"]
[WhiteElo "1701"]
[BlackElo "1855"]
[WhiteFideId "-1"]
[WhiteFideId "-1"]
[PlyCount "44"]
[GameId "2229569179529973"]
[EventDate "2025.02.13"]
[EventType "swiss"]
[EventRounds "7"]
[EventCountry "CAN"]

1. d4 Nf6 2. Bf4 g6 3. e3 Bg7 4. Nf3 d6 5. Bd3 Nh5 6. Bg5 h6 7. Bh4 g5 8. Bg3 Bg4 9. h3 Nxg3 10. fxg3 Bd7 11. O-O g4 12. Nh4 h5 13. Ng6 Rh6 14. Nf4 e5 15. Ne2 gxh3 16. Be4 hxg2 17. Bxg2 Bc6 18. dxe5 Bxe5 19. c3 Qg5 20. Bxc6+ Nxc6 21. Qd5 Qxe3+ 22. Kh1 O-O-O 0-1

[Event "Scarborough CC Winter Swiss"]
[Site "Toronto CAN"]
[Date "2025.04.10"]
[Round "7.8"]
[White "Ugodnikov, Arkadiy"]
[Black "Lin, Ryder"]
[Result "1/2-1/2"]
[Annotator "hugh_"]
[WhiteElo "1755"]
[BlackElo "1744"]
[WhiteFideId "-1"]
[WhiteFideId "-1"]
[PlyCount "96"]
[GameId "2229570407961341"]
[EventDate "2025.02.13"]
[EventType "swiss"]
[EventRounds "7"]
[EventCountry "CAN"]

1. e4 e5 2. Nf3 Nc6 3. Bb5 Nf6 4. O-O Nxe4 5. Re1 Nd6 6. Nxe5 Be7 7. Nxc6 dxc6 8. Bf1 O-O 9. d4 Bf5 10. Bd3 Bg6 11. c3 Bg5 12. Na3 Qf6 13. Bxg5 Qxg5 14. Nc4 Nxc4 15. Bxc4 Rfe8 16. Qc1 Qg4 17. f3 Rxe1+ 18. Qxe1 Qf4 19. Qe2 Qd6 20. Re1 Kf8 21. Qe5 Qxe5 22. Rxe5 Re8 23. Rxe8+ Kxe8 24. Kf2 Kd7 25. Ke3 Kd6 26. f4 c5 27. Be2 f6 28. Bf3 b6 29. g3 cxd4+ 30. Kxd4 c5+ 31. Ke3 Bf7 32. a3 c4 33. Kd4 b5 34. Be2 Bd5 35. Bd1 Kc6 36. a4 a6 37. axb5+ axb5 38. Bc2 Kd6 39. Bd1 Ke6 40. Bg4+ f5 41. Bd1 Be4 42. b3 Bd5 43. bxc4 Bxc4 44. Bf3 Kd6 45. Bd1 Kc6 46. Bf3+ Kb6 47. h4 Ka5 48. h5 Ka4 {Moves missing from both scoresheets. Draw in 66 moves.} 1/2-1/2

[Event "Scarborough CC-ch"]
[Site "Toronto CAN"]
[Date "2025.04.24"]
[Round "2.1"]
[White "Blakely, Matt"]
[Black "Balakrishnan, Shankar"]
[Result "1-0"]
[WhiteElo "2079"]
[BlackElo "1748"]
[WhiteFideId "-1"]
[WhiteFideId "-1"]
[PlyCount "81"]
[GameId "2227752461574920"]
[EventDate "2025.04.17"]
[EventType "swiss"]
[EventRounds "10"]
[EventCountry "CAN"]

1. d4 d6 2. Nf3 g6 3. g3 Bg7 4. Bg2 c6 5. O-O Nf6 6. Re1 Nbd7 7. c4 e5 8. Nc3 e4 9. Ng5 d5 10. cxd5 cxd5 11. f3 h6 12. Nh3 Nb6 13. Nf2 O-O 14. fxe4 Nxe4 15. Nfxe4 dxe4 16. e3 f5 17. Qb3+ Kh7 18. a4 Re8 19. Rd1 Be6 20. d5 Bg8 21. a5 Nd7 22. Qxb7 Nc5 23. Qb5 Nd3 24. Bf1 Rb8 25. Qa6 Nxb2 26. Bxb2 Rxb2 27. Ne2 Rxe2 28. Bxe2 Bxa1 29. Rxa1 Qxd5 30. Qxa7+ Kh8 31. Rd1 Ra8 32. Qb6 Qe6 33. Rd6 Qa2 34. Qd4+ Kh7 35. Rd7+ Bf7 36. Bc4 Qb1+ 37. Kg2 Qc2+ 38. Kh3 Rf8 39. Bxf7 Qc1 40. Bg8+ Kxg8 41. Qg7# 1-0

[Event "Scarborough CC-ch"]
[Site "Toronto CAN"]
[Date "2025.04.24"]
[Round "2.2"]
[White "Ha, Alexander"]
[Black "Lukinykh, Slava"]
[Result "1-0"]
[WhiteElo "1684"]
[BlackElo "2011"]
[WhiteFideId "-1"]
[WhiteFideId "-1"]
[PlyCount "83"]
[GameId "2227752461841171"]
[EventDate "2025.04.17"]
[EventType "swiss"]
[EventRounds "10"]
[EventCountry "CAN"]

1. e4 e5 2. Nf3 Nf6 3. Nc3 Nc6 4. Bc4 Nxe4 5. Nxe4 d5 6. Bxd5 Qxd5 7. Nc3 Qd8 8. O-O Bg4 9. h3 Bh5 10. Re1 Be7 11. d3 O-O 12. Ne4 Nd4 13. g4 Nxf3+ 14. Qxf3 Bg6 15. Ng3 Bd6 16. Qxb7 f5 17. gxf5 Bxf5 18. Nxf5 Rxf5 19. Qe4 Qf8 20. Rf1 Rb8 21. b3 Kh8 22. Be3 Rb4 23. c4 Rf3 24. Kh2 h6 25. Rg1 Qf7 26. Rg3 Rf6 27. Rag1 a5 28. Kh1 Qf8 29. d4 Re6 30. Qg2 g5 31. h4 e4 32. Rh3 Bf4 33. hxg5 Bxe3 34. fxe3 a4 35. d5 Ra6 36. Qxe4 axb3 37. axb3 Rxb3 38. g6 Kg7 39. Qe5+ Qf6 40. Qxc7+ Kf8 41. g7+ Kg8 42. Qc8+ 1-0

[Event "Scarborough CC-ch"]
[Site "Toronto CAN"]
[Date "2025.04.24"]
[Round "2.3"]
[White "Varakunan, Cadiron"]
[Black "Chin, Adrian"]
[Result "1-0"]
[WhiteElo "1975"]
[BlackElo "1697"]
[WhiteFideId "-1"]
[WhiteFideId "-1"]
[PlyCount "59"]
[GameId "2227752461873942"]
[EventDate "2025.04.17"]
[EventType "swiss"]
[EventRounds "10"]
[EventCountry "CAN"]

1. e4 c5 2. Nf3 e6 3. d4 cxd4 4. Nxd4 Nf6 5. Nc3 d6 6. g4 h6 7. h4 Be7 8. Rg1 Nc6 9. g5 hxg5 10. hxg5 Nh5 11. Be3 g6 12. Qd2 a6 13. O-O-O Bd7 14. Be2 b5 15. Bxh5 Rxh5 16. Rh1 b4 17. Nce2 Qa5 18. Kb1 Ne5 19. Rxh5 gxh5 20. Nb3 Qb5 21. Ned4 Qb7 22. Qe2 Qxe4 23. Qxh5 O-O-O 24. Qe2 Qh7 25. Na5 Qh3 26. Ndc6 Nxc6 27. Nxc6 Bxc6 28. Qxa6+ Bb7 29. Qa5 d5 30. Bf4 1-0

[Event "Scarborough CC-ch"]
[Site "Toronto CAN"]
[Date "2025.04.24"]
[Round "2.4"]
[White "Katz, Lyam"]
[Black "Anish, Diganth"]
[Result "1-0"]
[WhiteElo "1826"]
[BlackElo "1663"]
[WhiteFideId "-1"]
[WhiteFideId "-1"]
[PlyCount "109"]
[GameId "2227752461882135"]
[EventDate "2025.04.17"]
[EventType "swiss"]
[EventRounds "10"]
[EventCountry "CAN"]

1. e4 c5 2. Nf3 d6 3. d4 cxd4 4. Qxd4 Nc6 5. Bb5 Bd7 6. Bxc6 Bxc6 7. Nc3 Nf6 8. Bg5 e6 9. O-O-O Be7 10. Rhe1 Qc7 11. Kb1 a6 12. Qd2 O-O-O 13. Nd4 Kb8 14. Nxc6+ Qxc6 15. f3 h6 16. Be3 d5 17. Bf4+ Ka8 18. e5 Nd7 19. Ne2 Nb6 20. Nd4 Qc7 21. Qa5 Qc5 22. Qxc5 Bxc5 23. Be3 Rc8 24. c3 Nc4 25. Bc1 b5 26. f4 b4 27. cxb4 Bxb4 28. Re2 Rb8 29. Nc6 Rb6 30. Nxb4 Rxb4 31. b3 Rb7 32. Ka1 Nb6 33. Rc2 Kb8 34. Ba3 h5 35. Bd6+ Ka8 36. Rdc1 Rd8 37. Bc7 Rd7 38. Rc6 Ka7 39. Bd6 g6 40. Bc5 Rd8 41. Bd4 a5 42. R1c5 Kb8 43. Rxa5 Na8 44. Bc5 Nc7 45. Bd6 Rd7 46. Rac5 Kc8 47. Kb2 Kd8 48. Kc2 Ra7 49. a4 Kc8 50. b4 Rb7 51. b5 Kd8 52. b6 Kc8 53. Bxc7 Rdxc7 54. Rxc7+ Kb8 55. Rc8# 1-0

[Event "Scarborough CC-ch"]
[Site "Toronto CAN"]
[Date "2025.04.24"]
[Round "2.5"]
[White "Jeyakumar, Yathushan"]
[Black "Vo, Timothy"]
[Result "0-1"]
[WhiteElo "1762"]
[BlackElo "1634"]
[WhiteFideId "-1"]
[WhiteFideId "-1"]
[PlyCount "64"]
[GameId "2227752461890328"]
[EventDate "2025.04.17"]
[EventType "swiss"]
[EventRounds "10"]
[EventCountry "CAN"]

1. e4 c6 2. d4 d5 3. Nc3 dxe4 4. Nxe4 Nf6 5. Nxf6+ exf6 6. Nf3 Bd6 7. Be2 O-O 8. O-O Re8 9. c4 Nd7 10. Be3 Nf8 11. Qd2 Bf5 12. Rad1 Bc7 13. Nh4 Bg6 14. Nxg6 hxg6 15. Bf3 Qd6 16. g3 g5 17. d5 cxd5 18. Bxd5 Rad8 19. Qc2 Qa6 20. b4 Ng6 21. b5 Qa3 22. Bxb7 Ne5 23. c5 Ng4 24. Bc1 Qb4 25. Bc6 Rxd1 26. Rxd1 Re5 27. Rd7 Ba5 28. Qb3 Qe1+ 29. Kg2 Qxf2+ 30. Kh3 Qxh2+ 31. Kxg4 f5+ 32. Kf3 Qe2# 0-1

[Event "Scarborough CC-ch"]
[Site "Toronto CAN"]
[Date "2025.04.24"]
[Round "2.6"]
[White "Gummadi, Bhargav Ram"]
[Black "Gao, Yiguo"]
[Result "1-0"]
[WhiteElo "1752"]
[BlackElo "1613"]
[WhiteFideId "-1"]
[WhiteFideId "-1"]
[PlyCount "41"]
[GameId "2227752461890329"]
[EventDate "2025.04.17"]
[EventType "swiss"]
[EventRounds "10"]
[EventCountry "CAN"]

1. e4 d5 2. exd5 Nf6 3. Nf3 Bg4 4. h3 Bh5 5. d4 Qxd5 6. Nc3 Qa5 7. Bb5+ Nbd7 8. O-O O-O-O 9. Qe2 a6 10. Bxd7+ Rxd7 11. Be3 e6 12. a3 Qf5 13. b4 Bxf3 14. Qxf3 Qxc2 15. Rfc1 Qg6 16. b5 axb5 17. Nxb5 Qe4 18. Qd1 Nd5 19. Qa4 Nb6 20. Qa5 Kd8 21. Nxc7 1-0